Orbis latinus lexikon lateinischer geographischer Namen : lateinisch-deutsch, deutsch-lateinisch

Bibliographic Details
Main Authors: Graesse, Johann T. (Author), Benedict (Author), Plechl (Author)
Format: Book
Language:German
PhysicalDescription:8, [1], 579 s. 8°
Published: Braunschweig Klinkhardt-Biermann 1971
Edition:4. rev. und erweit. Aufl.

MARC

LEADER 00000nam a2200000 a 4500
001 vtls001271742
003 SK-MaSNL
005 20260301145244.0
008 240318s1971 DE 0 ger
035 |a SNK000222864 
040 |a SNK  |b slo  |c SNK  |e AACR2 
044 |a DE 
100 1 |a Graesse, Johann T.  |4 aut  |9 504793 
245 1 0 |a Orbis latinus  |b lexikon lateinischer geographischer Namen : lateinisch-deutsch, deutsch-lateinisch  |c Verf. Johann T. Graesse, Benedict, Plechl 
250 |a 4. rev. und erweit. Aufl. 
260 |a Braunschweig  |b Klinkhardt-Biermann  |c 1971 
300 |a 8, [1], 579 s.  |c 8° 
700 0 |a Benedict  |4 aut  |9 504794 
700 0 |a Plechl  |4 aut  |9 504795 
958 |a OND 
999 |c 779574  |d 781504 
952 |t P60, <04>, [BOOK], {604}  |a SNK  |b SNK  |y VYP  |7 0  |o snkIC 52482  |i snkK 4328/72  |0 0  |1 0  |4 0  |d 1997-01-14  |l 0  |r 2005-01-01 00:00:00  |w 2026-02-24 
952 |a SNKPRIRUCN  |b SNKPULT  |y VYP  |7 0  |p 17A0588044  |o snkIC 52482 D1  |i snkK 3320/73  |8 3  |3 Vrátené z príručnej knižnice.  |0 0  |1 0  |4 0  |d 1997-02-04  |l 1  |q 2026-08-18  |r 2026-03-27 14:26:44  |s 2026-03-27  |w 2026-02-24 
952 |t P60, <04>, [BOOK], {604}  |a SNK  |b SNK  |y VYP  |7 0  |o snkIC 52482 D2  |i snkV 3725/85  |0 0  |1 0  |4 0  |d 1997-02-04  |l 0  |r 2005-01-01 00:00:00  |w 2026-02-24